Tâm lý vaÌ€ sinh lý BôÌ£ sách bổ trơÌ£ kiến thức ChiÌ€a khóa vaÌ€ng

Guardado en:
Detalles Bibliográficos
Autor principal: Thế TrươÌ€ng
Otros Autores: Ngô, Văn Tuyển
Formato: Libro
Lenguaje:Undetermined
Publicado: H. ĐaÌ£i hoÌ£c quốc gia HaÌ€ NôÌ£i 1999
Materias:
Acceso en línea:http://lrc.tdmu.edu.vn/opac/search/detail.asp?aID=2&ID=7299
Etiquetas: Agregar Etiqueta
Sin Etiquetas, Sea el primero en etiquetar este registro!
Thư viện lưu trữ: Trung tâm Học liệu Trường Đại học Thủ Dầu Một
LEADER 00899nam a2200217Ia 4500
001 TDMU_7299
008 210410s9999 xx 000 0 und d
082 |a 150 
090 |b TH259 
100 |a Thế TrươÌ€ng 
245 0 |a Tâm lý vaÌ€ sinh lý 
245 0 |b BôÌ£ sách bổ trơÌ£ kiến thức ChiÌ€a khóa vaÌ€ng 
245 0 |c Thế TrươÌ€ng(biên khảo) 
260 |a H. 
260 |b ĐaÌ£i hoÌ£c quốc gia HaÌ€ NôÌ£i 
260 |c 1999 
300 |a 280tr. 
650 |a Tri thức; Hỏi - đáp; Tâm lý hoÌ£c; Sinh lý hoÌ£c; Tri thức phổ thông 
700 |a Ngô, Văn Tuyển 
856 |u http://lrc.tdmu.edu.vn/opac/search/detail.asp?aID=2&ID=7299 
980 |a Trung tâm Học liệu Trường Đại học Thủ Dầu Một